Bertolt Brecht und das englische Drama der Renaissance /

Bibliographic Details
Main Author: Kussmaul, Paul
Format: Book
Language:German
Published: Bern, [publisher not identified] ; Herbert Lang, 1974.
Series:British and Irish studies in German language and literature ; no. 2.
Subjects:

MARC

Tag First Indicator Second Indicator Subfields
LEADER 00000cam a2200000 4500
001 in00000509813
005 20151013063930.0
008 750518s1974 sz b 00010 ger
010 |a  75565625  
020 |a 3261013516 
035 |a (OCoLC)01457756 
035 |9 ACD5821AM 
040 |c DLM  |d TXA  |d UtOrBLW 
049 |a TXAM  |c [1552921] 
050 0 0 |a PT2603.R397  |b Z7445 
082 0 |a 832/.9/12 
100 1 |a Kussmaul, Paul. 
245 1 0 |a Bertolt Brecht und das englische Drama der Renaissance /  |c Paul Kussmaul ; Vorw. Hans Reiss. 
264 1 |a Bern,  |b [publisher not identified] ;  |c Herbert Lang,  |c 1974. 
300 |a 175 pages ;  |c 23 cm. 
336 |a text  |b txt  |2 rdacontent 
337 |a unmediated  |b n  |2 rdamedia 
338 |a volume  |b nc  |2 rdacarrier 
490 1 |a Britische und irische Studien zur deutschen Sprache und Literatur ; no. 2 
500 |a A revision of the author's thesis, Bristol, Eng., 1971 under title: Bertolt Brecht und das englische Drama von 1580 bis 1630. 
504 |a Bibliography: pages 169-175. 
600 1 0 |a Brecht, Bertolt,  |d 1898-1956  |x Knowledge  |x Literature. 
650 0 |a English drama  |y Early modern and Elizabethan, 1500-1600  |x History and criticism. 
830 0 |a British and Irish studies in German language and literature ;  |v no. 2. 
999 |a MARS 
999 f f |s 51db0418-c084-33db-830b-6ff6f110ce21  |i 9450f2f4-ba89-371e-86f3-fd5aeb5abc54  |t 0 
952 f f |p normal  |a Texas A&M University  |b College Station  |c Sterling C. Evans Library  |d Evans: Library Stacks  |t 0  |e PT2603.R397 Z7445  |h Library of Congress classification  |i unmediated -- volume  |m A14804164382 
998 f f |a PT2603.R397 Z7445  |t 0  |l Evans: Library Stacks